|
|
|
|
| LEADER |
00000cam a2200000 a 4500 |
| 001 |
vtls009796257 |
| 003 |
SK-MaSNL |
| 005 |
20260331204742.0 |
| 008 |
251120s2007 xo a j f000 0 slo |
| 013 |
|
|
|a 285812
|b SK
|c patent
|d 20070802
|e dátum nadobudnutia účinkov patentu (Vestník ÚPV SR č.: 8/2007)
|d 20070801
|e dátum sprístupnenia patentu
|
| 013 |
|
|
|a 828-2001
|e číslo prihlášky
|d 19991122
|e dátum podania prihlášky
|d 20011106
|e dátum zverejnenia prihlášky (Vestník ÚPV SR č.: 11/2001)
|
| 013 |
|
|
|a 09/212 986
|e číslo prioritnej prihlášky
|d 19981216
|e dátum podania prioritnej prihlášky
|b US
|e kód krajiny prioritnej prihlášky
|
| 015 |
|
|
|a SNBN2014
|
| 035 |
|
|
|a (SVKBBclas03)vtls000268808
|
| 040 |
|
|
|a SNK
|b slo
|c SNK
|e AACR2
|
| 041 |
0 |
|
|a slo
|
| 044 |
|
|
|a xo
|c SK
|
| 072 |
|
7 |
|a 615
|x Farmácia. Farmakológia
|2 konspekt
|
| 072 |
|
7 |
|a 661
|x Chemikálie
|2 konspekt
|
| 080 |
|
|
|a 661.12
|2 2001
|
| 080 |
|
|
|a 616.892/.895
|2 2001
|
| 080 |
|
|
|a 615.2/.3
|2 2001
|
| 084 |
|
|
|a A61K 9/10
|2 IPC
|
| 084 |
|
|
|a A61K 9/14
|2 IPC
|
| 084 |
|
|
|a A61K 9/16
|2 IPC
|
| 084 |
|
|
|a A61K 31/445
|2 IPC
|
| 084 |
|
|
|a A61K 45/00
|2 IPC
|
| 084 |
|
|
|a A61K 47/32
|2 IPC
|
| 084 |
|
|
|a A61K 47/34
|2 IPC
|
| 084 |
|
|
|a A61P 7/00
|2 IPC
|
| 084 |
|
|
|a A61P 9/00
|2 IPC
|
| 084 |
|
|
|a A61P 25/00
|2 IPC
|
| 084 |
|
|
|a A61P 43/00
|2 IPC
|
| 100 |
1 |
|
|a Kohn, Rachel S.
|4 org
|9 407715
|
| 245 |
1 |
0 |
|a Farmaceutická kompozícia obsahujúca antagonistu serotonínového receptora a spôsob jej výroby
|c Rachel S. Kohn, Stephen J. Hanley, Stephen J. Comiskey ; patent. zást. Dagmar Čechvalová
|
| 260 |
|
|
|a [Banská Bystrica]
|b Úrad priemyselného vlastníctva SR
|c [2007]
|
| 300 |
|
|
|a 16 s.
|b tab.
|c 30 cm
|
| 650 |
0 |
7 |
|a farmaceutické výrobky
|2 SNKPH
|9 51177
|
| 650 |
0 |
7 |
|a psychózy
|2 SNKPH
|9 71351
|
| 650 |
0 |
7 |
|a Pharmaceutical products
|2 SNKPHeng
|9 305127
|
| 650 |
0 |
7 |
|a Psychoses
|2 SNKPHeng
|9 326461
|
| 650 |
0 |
7 |
|a lieky
|2 SNKPH
|9 2515
|
| 650 |
0 |
7 |
|a Medicines
|2 SNKPHeng
|9 275948
|
| 655 |
|
7 |
|a patenty
|2 SNKPH
|9 177343
|
| 655 |
|
7 |
|a patent licenses
|2 SNKPHeng
|9 303430
|
| 700 |
1 |
|
|a Hanley, Stephen J.
|4 org
|9 407716
|
| 700 |
1 |
|
|a Comiskey, Stephen J.
|4 org
|9 407717
|
| 700 |
1 |
|
|a Čechvalová, Dagmar
|4 oth
|9 305714
|
| 710 |
2 |
|
|a Aventis Pharmaceuticals Inc. (Bridgewater, Spojené štáty americké)
|4 pth
|9 305130
|
| 999 |
|
|
|c 658821
|d 660751
|
| 952 |
|
|
|a SNK
|b SNK
|y PREZ
|7 0
|p 17A1102620
|o snkSK 285812
|i snk2014/1687
|8 0
|0 0
|1 0
|4 0
|d 2014-01-20
|l 0
|r 2026-02-23 18:45:53
|w 2026-02-23
|